[Event "FIDE Open World Blitz 2021"]
[Site "Warsaw"]
[Date "2021.12.29"]
[Round "12.36"]
[White "Sallam, Sabri Abdul-Mawla"]
[Black "Aditya, Mittal"]
[Result "0-1"]
[WhiteElo "2194"]
[BlackElo "2245"]
[Annotator "NA"]
[PlyCount "66"]
[EventDate "2021.12.29"]
[EventType "swiss"]
[EventCountry "POL"]
[Tiebreak "Cut1 Buchholz"]
[SourceTitle "playchess.com"]
[Source "ChessBase"]
[SourceQuality "1"]

1. d4 Nf6 2. c4 e6 3. Nc3 Bb4 4. Nf3 b6 5. e3 O-O 6. Bd3 Bb7 7. O-O c5 8. dxc5
Bxc5 9. a3 a5 10. b3 Nc6 11. Bb2 Be7 12. Qe2 d6 13. Rfd1 h6 14. Nb5 Nd7 15.
Rac1 Qb8 16. Bb1 Rd8 17. Qc2 Nf8 18. Nfd4 Nxd4 19. Bxd4 Bc6 20. Qb2 e5 21. Bc3
Qb7 22. f3 Ne6 23. b4 axb4 24. Bxb4 Nc5 25. Bxc5 bxc5 26. Qc2 g6 27. a4 d5 28.
cxd5 Bxd5 29. e4 Be6 30. Rxd8+ Rxd8 31. Ba2 c4 32. Bxc4 Rc8 33. Qb3 Qc6 0-1

[Event "FIDE Open World Blitz 2021"]
[Site "Warsaw"]
[Date "2021.12.29"]
[Round "12.37"]
[White "Dvirnyy, Danyyil"]
[Black "Indjic, Aleksandar"]
[Result "1/2-1/2"]
[WhiteElo "2493"]
[BlackElo "2603"]
[Annotator "ChessBase"]
[PlyCount "56"]
[EventDate "2021.12.29"]
[EventType "swiss"]
[EventCountry "POL"]
[Tiebreak "Cut1 Buchholz"]
[SourceTitle "playchess.com"]
[Source "ChessBase"]
[SourceQuality "1"]

1. e4 c6 2. d4 d5 3. Nd2 dxe4 4. Nxe4 Bf5 5. Qf3 e6 6. Ne2 Nf6 7. Nxf6+ Qxf6 8.
Qb3 b6 9. Be3 Bd6 10. Ng3 Bg6 11. Bd3 Nd7 12. Ne4 Qe7 13. O-O O-O 14. Bg5 f6
15. Nxd6 Qxd6 16. Be3 Bxd3 17. Qxd3 c5 18. Rad1 cxd4 19. Qxd4 Qxd4 20. Rxd4 Rf7
21. Rfd1 Nf8 22. Kf1 Rc7 23. c3 Kf7 24. a4 e5 25. Rd8 Rxd8 26. Rxd8 Ne6 27. Ra8
Rb7 28. Ke2 Ke7 1/2-1/2

[Event "FIDE Open World Blitz 2021"]
[Site "Warsaw"]
[Date "2021.12.29"]
[Round "12.37"]
[White "Yunusov, Mukhammad"]
[Black "Laith, Kasib"]
[Result "0-1"]
[WhiteElo "1874"]
[BlackElo "2010"]
[Annotator "NA"]
[PlyCount "82"]
[EventDate "2021.12.29"]
[EventType "swiss"]
[EventCountry "POL"]
[Tiebreak "Cut1 Buchholz"]
[SourceTitle "playchess.com"]
[Source "ChessBase"]
[SourceQuality "1"]

1. d4 d6 2. Nc3 Nf6 3. e4 g6 4. Nf3 Bg7 5. Bc4 O-O 6. O-O Nxe4 7. Nxe4 d5 8.
Ned2 dxc4 9. Nxc4 c6 10. c3 Nd7 11. Re1 Nf6 12. Bg5 Qd5 13. Ne3 Qa5 14. Nc4 Qb5
15. Qb3 Qxb3 16. axb3 Be6 17. Na5 h6 18. Bxf6 Bxf6 19. Nxb7 Bxb3 20. Nc5 Bd5
21. Nd7 Rfd8 22. Nxf6+ exf6 23. Re7 a5 24. Nd2 f5 25. f3 a4 26. Kf2 Rdb8 27. c4
Be6 28. Ra2 Kf8 29. Rc7 Ra6 30. Ke3 Ke8 31. d5 cxd5 32. Kd4 dxc4 33. Nxc4 Rb4
34. Kc3 Rb3+ 35. Kc2 Rb4 36. Ne5 Rd6 37. Nd3 Rb8 38. Rxa4 Bb3+ 39. Kc3 Bxa4 40.
Nc5 Bd7 41. Nd3 Rc8 0-1

[Event "FIDE Open World Blitz 2021"]
[Site "Warsaw"]
[Date "2021.12.29"]
[Round "12.38"]
[White "Riazantsev, Alexander"]
[Black "Sjugirov, Sanan"]
[Result "1/2-1/2"]
[WhiteElo "2634"]
[BlackElo "2589"]
[Annotator "ChessBase"]
[PlyCount "45"]
[EventDate "2021.12.29"]
[EventType "swiss"]
[EventCountry "POL"]
[Tiebreak "Cut1 Buchholz"]
[SourceTitle "playchess.com"]
[Source "ChessBase"]
[SourceQuality "1"]

1. e4 c6 2. d4 d5 3. Nd2 dxe4 4. Nxe4 Bf5 5. Ng3 Bg6 6. h4 h6 7. Nf3 Nd7 8. Bd3
Bxd3 9. Qxd3 e6 10. Bf4 Qa5+ 11. c3 Ngf6 12. Ne4 Nxe4 13. Qxe4 Be7 14. Ne5 Rd8
15. Nc4 Qa6 16. Qe2 O-O 17. Bc7 Ra8 18. Bd6 Rfe8 19. Bxe7 Rxe7 20. Ne5 Qa5 21.
Nxd7 Rxd7 22. O-O Rad8 23. Rac1 1/2-1/2

[Event "FIDE Open World Blitz 2021"]
[Site "Warsaw"]
[Date "2021.12.29"]
[Round "12.39"]
[White "Mastrovasilis, Dimitrios"]
[Black "Donchenko, Alexander"]
[Result "1/2-1/2"]
[WhiteElo "2577"]
[BlackElo "2645"]
[Annotator "ChessBase"]
[PlyCount "48"]
[EventDate "2021.12.29"]
[EventType "swiss"]
[EventCountry "POL"]
[Tiebreak "Cut1 Buchholz"]
[SourceTitle "playchess.com"]
[Source "ChessBase"]
[SourceQuality "1"]

1. e4 e6 2. d4 d5 3. Nc3 Bb4 4. e5 c5 5. a3 Bxc3+ 6. bxc3 Nc6 7. Nf3 Nge7 8. a4
Qa5 9. Bd2 c4 10. h4 Bd7 11. h5 h6 12. Be2 O-O-O 13. O-O Rdg8 14. Nh2 f5 15.
exf6 gxf6 16. Ng4 f5 17. Nf6 Rg7 18. Bf3 Ng8 19. Nxg8 Rgxg8 20. Qe1 Qc7 21. Qe3
Nd8 22. a5 Nf7 23. Qf4 Ng5 24. Kh2 Rh7 1/2-1/2

[Event "FIDE Open World Blitz 2021"]
[Site "Warsaw"]
[Date "2021.12.29"]
[Round "12.40"]
[White "Kadric, Denis"]
[Black "Gagunashvili, Merab"]
[Result "1-0"]
[WhiteElo "2566"]
[BlackElo "2575"]
[Annotator "ChessBase"]
[PlyCount "107"]
[EventDate "2021.12.29"]
[EventType "swiss"]
[EventCountry "POL"]
[Tiebreak "Cut1 Buchholz"]
[SourceTitle "playchess.com"]
[Source "ChessBase"]
[SourceQuality "1"]

1. c4 Nc6 2. Nc3 e5 3. Nf3 Bb4 4. Nd5 e4 5. Nxb4 Nxb4 6. Nd4 Nf6 7. g3 Ng4 8.
f3 Qf6 9. fxg4 Qxd4 10. a3 Nc6 11. Qc2 O-O 12. Bg2 Re8 13. e3 Qe5 14. O-O d5
15. cxd5 Qxd5 16. Rf4 f5 17. gxf5 Bxf5 18. b4 Rad8 19. Bb2 Qxd2 20. Qxd2 Rxd2
21. Bxg7 Kxg7 22. Rxf5 Re5 23. Rxe5 Nxe5 24. Bxe4 c6 25. a4 Nc4 26. b5 Nxe3 27.
bxc6 bxc6 28. Bxc6 a5 29. Re1 Nc2 30. Re7+ Kf6 31. Rxh7 Nd4 32. Be4 Ne2+ 33.
Kf1 Nc3 34. Bf3 Nxa4 35. Rh5 Nb2 36. Rxa5 Nc4 37. Rh5 Ne3+ 38. Kg1 Nf5 39. Rh8
Nd4 40. Bg4 Kg5 41. Rg8+ Kf6 42. h4 Rb2 43. h5 Rb3 44. Kf2 Rb2+ 45. Ke3 Nc2+
46. Kd3 Ne1+ 47. Kc3 Rc2+ 48. Kd4 Rh2 49. Ke4 Nc2 50. Bd1 Nb4 51. g4 Rh4 52.
Kf4 Nd5+ 53. Kg3 Rh1 54. Bf3 1-0

[Event "FIDE Open World Blitz 2021"]
[Site "Warsaw"]
[Date "2021.12.29"]
[Round "12.41"]
[White "Puranik, Abhimanyu"]
[Black "Jobava, Baadur"]
[Result "1/2-1/2"]
[WhiteElo "2604"]
[BlackElo "2582"]
[Annotator "ChessBase"]
[PlyCount "99"]
[EventDate "2021.12.29"]
[EventType "swiss"]
[EventCountry "POL"]
[Tiebreak "Cut1 Buchholz"]
[SourceTitle "playchess.com"]
[Source "ChessBase"]
[SourceQuality "1"]

1. e4 e5 2. Nf3 Nc6 3. Bc4 Bc5 4. c3 Nf6 5. d3 d6 6. O-O O-O 7. Re1 h6 8. Nbd2
a6 9. Nf1 Re8 10. Bb3 Be6 11. Bc2 d5 12. exd5 Bxd5 13. b4 Bb6 14. Ne3 Be6 15.
Bb2 Qd7 16. a4 Bxe3 17. Rxe3 Nd5 18. Re1 Bg4 19. h3 Bh5 20. b5 axb5 21. axb5
Na5 22. c4 Nf4 23. Rxe5 Nxh3+ 24. gxh3 Qxh3 25. Rxh5 Qxh5 26. Nh2 Re2 27. Bc3
b6 28. d4 Rae8 29. Qd3 Qg5+ 30. Kf1 Rxc2 31. Qxc2 Nxc4 32. Re1 Rxe1+ 33. Bxe1
Nd6 34. Qxc7 Qxb5+ 35. Kg1 Qg5+ 36. Kh1 Qd5+ 37. f3 Qxd4 38. Kg2 Nc4 39. Bf2
Qd3 40. Qc8+ Kh7 41. Ng4 Nd2 42. Qc6 b5 43. Ne5 Qf5 44. Ng4 h5 45. Ne3 Qg5+ 46.
Kh2 Qf4+ 47. Kg2 Qg5+ 48. Kh2 Qf4+ 49. Kg2 Qg5+ 50. Kh2 1/2-1/2

[Event "FIDE Open World Blitz 2021"]
[Site "Warsaw"]
[Date "2021.12.29"]
[Round "12.42"]
[White "Wojtaszek, Radoslaw"]
[Black "Gareyev, Timur"]
[Result "0-1"]
[WhiteElo "2700"]
[BlackElo "2583"]
[Annotator "ChessBase"]
[PlyCount "42"]
[EventDate "2021.12.29"]
[EventType "swiss"]
[EventCountry "POL"]
[Tiebreak "Cut1 Buchholz"]
[SourceTitle "playchess.com"]
[Source "ChessBase"]
[SourceQuality "1"]

1. e4 c5 2. Nf3 d6 3. d4 cxd4 4. Qxd4 Nf6 5. Nc3 Nc6 6. Qe3 g6 7. h3 Bg7 8. Bc4
O-O 9. O-O Nd7 10. Rd1 b6 11. Qf4 Nde5 12. Nxe5 Nxe5 13. Bb3 Be6 14. Nd5 Rc8
15. c3 Nc4 16. Qh4 Bxd5 17. exd5 b5 18. a4 a6 19. axb5 axb5 20. Re1 Bf6 21. Qg4
Qb6 0-1

[Event "FIDE Open World Blitz 2021"]
[Site "Warsaw"]
[Date "2021.12.29"]
[Round "12.43"]
[White "Demchenko, Anton"]
[Black "Korobov, Anton"]
[Result "1-0"]
[WhiteElo "2655"]
[BlackElo "2684"]
[Annotator "ChessBase"]
[PlyCount "87"]
[EventDate "2021.12.29"]
[EventType "swiss"]
[EventCountry "POL"]
[Tiebreak "Cut1 Buchholz"]
[SourceTitle "playchess.com"]
[Source "ChessBase"]
[SourceQuality "1"]

1. d4 Nf6 2. Nf3 g6 3. g3 Bg7 4. Bg2 O-O 5. O-O d6 6. b3 e5 7. dxe5 dxe5 8. Ba3
Qxd1 9. Rxd1 Re8 10. Nc3 e4 11. Nd4 a6 12. e3 Bg4 13. Rd2 h5 14. h3 Bd7 15.
Rad1 Nc6 16. Nxc6 Bxc6 17. Ne2 b6 18. Bb2 Nh7 19. Bxg7 Kxg7 20. Rd4 Ng5 21. Nf4
Rac8 22. Rc4 Bb5 23. Rcd4 Bc6 24. h4 Nf3+ 25. Bxf3 exf3 26. Kf1 Re5 27. Ke1 Ra5
28. Ra1 Rc5 29. Kd2 Re8 30. a4 a5 31. c4 Rce5 32. Kc3 f6 33. Rad1 R8e7 34. Nd5
Rf7 35. R1d3 g5 36. e4 g4 37. Re3 f5 38. exf5 Rexf5 39. Ne7 Rc5 40. Nxc6 Rxc6
41. Rd5 Rh6 42. Ree5 c6 43. Rd8 Kh7 44. Kd3 1-0

[Event "FIDE Open World Blitz 2021"]
[Site "Warsaw"]
[Date "2021.12.29"]
[Round "12.44"]
[White "Dreev, Aleksey"]
[Black "Vakhidov, Jakhongir"]
[Result "1/2-1/2"]
[WhiteElo "2635"]
[BlackElo "2557"]
[Annotator "ChessBase"]
[PlyCount "46"]
[EventDate "2021.12.29"]
[EventType "swiss"]
[EventCountry "POL"]
[Tiebreak "Cut1 Buchholz"]
[SourceTitle "playchess.com"]
[Source "ChessBase"]
[SourceQuality "1"]

1. e4 c5 2. Nc3 e6 3. g3 Nc6 4. Bg2 g6 5. f4 Bg7 6. Nf3 d6 7. d3 Nge7 8. Be3
Nd4 9. Qd2 Rb8 10. a4 b6 11. O-O Bb7 12. Rab1 Nxf3+ 13. Bxf3 d5 14. Bf2 dxe4
15. Nxe4 O-O 16. a5 Nf5 17. axb6 axb6 18. c3 Qd7 19. g4 Ne7 20. Qe2 Rbd8 21.
Rbd1 h6 22. Bh4 f5 23. gxf5 gxf5 1/2-1/2

[Event "FIDE Open World Blitz 2021"]
[Site "Warsaw"]
[Date "2021.12.29"]
[Round "12.45"]
[White "Piorun, Kacper"]
[Black "Pichot, Alan"]
[Result "0-1"]
[WhiteElo "2634"]
[BlackElo "2630"]
[Annotator "ChessBase"]
[PlyCount "113"]
[EventDate "2021.12.29"]
[EventType "swiss"]
[EventCountry "POL"]
[Tiebreak "Cut1 Buchholz"]
[SourceTitle "playchess.com"]
[Source "ChessBase"]
[SourceQuality "1"]

1. d4 Nf6 2. c4 b6 3. Nc3 Bb7 4. Qc2 d5 5. cxd5 Nxd5 6. Bd2 e6 7. e4 Nf6 8. Nf3
Be7 9. Rd1 O-O 10. a3 Nbd7 11. Bd3 h6 12. O-O c5 13. d5 exd5 14. exd5 Bd6 15.
Rfe1 Re8 16. Rxe8+ Qxe8 17. Re1 Qf8 18. Bf5 Re8 19. Bxd7 Rxe1+ 20. Bxe1 Nxd7
21. Qa4 Nf6 22. Qxa7 Bxd5 23. Qxb6 Bxf3 24. gxf3 Qe7 25. Bd2 Qe5 26. f4 Qe6 27.
Qc6 Qg4+ 28. Qg2 Qf5 29. Qa8+ Kh7 30. Qb7 Bxf4 31. Bxf4 Qxf4 32. a4 Qg4+ 33.
Kf1 Qc4+ 34. Ke1 Qe6+ 35. Kd2 Qd6+ 36. Kc2 Qxh2 37. a5 Qxf2+ 38. Kb1 Qe1+ 39.
Ka2 Qe6+ 40. Ka3 Nd7 41. a6 Nb6 42. a7 h5 43. Na4 Qe3+ 44. Nc3 Qe6 45. b3 c4
46. b4 Qe3 47. Qxb6 Qxb6 48. a8=Q f5 49. b5 h4 50. Qc6 Qa5+ 51. Kb2 Qb4+ 52.
Ka2 Qb3+ 53. Ka1 Qxc3+ 54. Kb1 Qb3+ 55. Kc1 c3 56. Qg2 Qxb5 57. Qf3 0-1

[Event "FIDE Open World Blitz 2021"]
[Site "Warsaw"]
[Date "2021.12.29"]
[Round "12.46"]
[White "Yuffa, Daniil"]
[Black "Timofeev, Artyom"]
[Result "1/2-1/2"]
[WhiteElo "2567"]
[BlackElo "2586"]
[Annotator "ChessBase"]
[PlyCount "54"]
[EventDate "2021.12.29"]
[EventType "swiss"]
[EventCountry "POL"]
[Tiebreak "Cut1 Buchholz"]
[SourceTitle "playchess.com"]
[Source "ChessBase"]
[SourceQuality "1"]

1. Nf3 g6 2. g3 Bg7 3. Bg2 e5 4. d3 d5 5. O-O Ne7 6. c4 c6 7. Qc2 O-O 8. Nc3 h6
9. Rb1 Be6 10. Rd1 Nd7 11. b4 f5 12. b5 Qa5 13. Bd2 Qc7 14. bxc6 bxc6 15. cxd5
cxd5 16. Qc1 g5 17. Qa3 Nb6 18. Rdc1 Qd7 19. Nb5 Rfc8 20. Rxc8+ Nbxc8 21. Ba5
Rb8 22. Nc3 Rxb1+ 23. Nxb1 e4 24. Ne1 Nc6 25. Bc3 Nd4 26. Bxd4 Bxd4 27. Nc2 Bg7
1/2-1/2

[Event "FIDE Open World Blitz 2021"]
[Site "Warsaw"]
[Date "2021.12.29"]
[Round "12.47"]
[White "Movsesian, Sergei"]
[Black "Blohberger, Felix"]
[Result "1/2-1/2"]
[WhiteElo "2615"]
[BlackElo "2490"]
[Annotator "ChessBase"]
[PlyCount "49"]
[EventDate "2021.12.29"]
[EventType "swiss"]
[EventCountry "POL"]
[Tiebreak "Cut1 Buchholz"]
[SourceTitle "playchess.com"]
[Source "ChessBase"]
[SourceQuality "1"]

1. e4 Nc6 2. Nf3 e5 3. Bc4 Nf6 4. d3 Be7 5. O-O O-O 6. a4 d6 7. h3 a5 8. Nc3
Be6 9. Re1 Bxc4 10. dxc4 Nd7 11. Be3 Re8 12. Nd5 Nc5 13. Bxc5 dxc5 14. c3 Bf8
15. Qb3 Qc8 16. Rad1 f6 17. Rd3 Nd8 18. Nh4 Ne6 19. Rg3 Kh8 20. Qd1 Qd8 21. Qg4
c6 22. Ne3 Qe7 23. Nef5 Qf7 24. Rd1 Rad8 25. Rgd3 1/2-1/2

[Event "FIDE Open World Blitz 2021"]
[Site "Warsaw"]
[Date "2021.12.29"]
[Round "12.48"]
[White "Gukesh D"]
[Black "Demidov, Mikhail"]
[Result "1-0"]
[WhiteElo "2621"]
[BlackElo "2592"]
[Annotator "ChessBase"]
[PlyCount "59"]
[EventDate "2021.12.29"]
[EventType "swiss"]
[EventCountry "POL"]
[Tiebreak "Cut1 Buchholz"]
[SourceTitle "playchess.com"]
[Source "ChessBase"]
[SourceQuality "1"]

1. d4 g6 2. c4 Bg7 3. Nf3 d6 4. Nc3 c5 5. e3 cxd4 6. Nxd4 Nc6 7. Be2 Nf6 8. O-O
O-O 9. b3 d5 10. Nxc6 bxc6 11. Bb2 Ne4 12. Qc1 Nxc3 13. Bxc3 Bxc3 14. Qxc3 Be6
15. Rfd1 Qb6 16. Rac1 Rac8 17. h3 Rfd8 18. Qe5 Qa5 19. Rc2 Qa3 20. Rcd2 a5 21.
e4 d4 22. f4 c5 23. f5 Bd7 24. Qxe7 Qb4 25. Bd3 Bc6 26. fxg6 hxg6 27. Rf2 Rd7
28. Qf6 Qb7 29. Rf4 Kf8 30. Rh4 1-0

[Event "FIDE Open World Blitz 2021"]
[Site "Warsaw"]
[Date "2021.12.29"]
[Round "12.49"]
[White "Kozak, Adam"]
[Black "Tang, Andrew"]
[Result "1/2-1/2"]
[WhiteElo "2532"]
[BlackElo "2588"]
[Annotator "ChessBase"]
[PlyCount "31"]
[EventDate "2021.12.29"]
[EventType "swiss"]
[EventCountry "POL"]
[Tiebreak "Cut1 Buchholz"]
[SourceTitle "playchess.com"]
[Source "ChessBase"]
[SourceQuality "1"]

1. e4 e5 2. Nf3 Nc6 3. Bb5 g6 4. Nc3 Bg7 5. d3 Nge7 6. h4 h6 7. a3 d6 8. Bc4
Bg4 9. Be3 Nd4 10. Bxd4 exd4 11. Ne2 d5 12. exd5 Nxd5 13. Qd2 Qd6 14. O-O-O
O-O-O 15. Rde1 Kb8 16. Kb1 1/2-1/2

[Event "FIDE Open World Blitz 2021"]
[Site "Warsaw"]
[Date "2021.12.29"]
[Round "12.50"]
[White "Teclaf, Pawel"]
[Black "Santos Latasa, Jaime"]
[Result "1/2-1/2"]
[WhiteElo "2543"]
[BlackElo "2561"]
[Annotator "ChessBase"]
[PlyCount "42"]
[EventDate "2021.12.29"]
[EventType "swiss"]
[EventCountry "POL"]
[Tiebreak "Cut1 Buchholz"]
[SourceTitle "playchess.com"]
[Source "ChessBase"]
[SourceQuality "1"]

1. e4 e5 2. Nf3 Nc6 3. Bb5 a6 4. Ba4 Nf6 5. O-O Be7 6. d3 b5 7. Bb3 d6 8. a3
O-O 9. Nc3 Be6 10. Bd5 Qd7 11. Bg5 Rab8 12. Re1 Bg4 13. Bxf6 Bxf3 14. Bxc6 Qxc6
15. Nd5 Qxd5 16. exd5 Bxd1 17. Bxe7 Rfe8 18. Bxd6 cxd6 19. Raxd1 Rbc8 20. c4
Rc5 21. d4 Rxd5 1/2-1/2

[Event "FIDE Open World Blitz 2021"]
[Site "Warsaw"]
[Date "2021.12.29"]
[Round "12.51"]
[White "Kosakowski, Jakub"]
[Black "Corrales Jimenez, Fidel"]
[Result "0-1"]
[WhiteElo "2340"]
[BlackElo "2523"]
[Annotator "ChessBase"]
[PlyCount "98"]
[EventDate "2021.12.29"]
[EventType "swiss"]
[EventCountry "POL"]
[Tiebreak "Cut1 Buchholz"]
[SourceTitle "playchess.com"]
[Source "ChessBase"]
[SourceQuality "1"]

1. e4 c5 2. Nf3 d6 3. d4 cxd4 4. Nxd4 Nf6 5. Nc3 a6 6. h3 e5 7. Nde2 h5 8. g3
Be7 9. Bg2 b5 10. O-O Bb7 11. a4 b4 12. Nd5 Bxd5 13. exd5 Nbd7 14. a5 O-O 15.
Bd2 Rb8 16. Ra4 b3 17. cxb3 Nc5 18. Ra3 Nd3 19. Qc2 Nb4 20. Qc4 Qc8 21. Rc1 Qb7
22. Bxb4 Qxb4 23. Qxa6 Qd2 24. Rc7 Bd8 25. Rc1 h4 26. g4 e4 27. Rf1 Re8 28.
Raa1 Nh7 29. Rfd1 Qxb2 30. Rab1 Qf6 31. b4 Ng5 32. Qc6 Re7 33. a6 Bb6 34. Rf1
Nf3+ 35. Kh1 Nd2 36. Rbd1 Nxf1 37. Rxf1 Ra7 38. Qa4 Qb2 39. Nf4 Qe5 40. Ne2 Qb2
41. Nf4 Qd4 42. Qc2 Rxa6 43. Bxe4 Ra1 44. Rxa1 Qxa1+ 45. Kg2 Qe5 46. Kf3 Re8
47. Qc4 Qb2 48. Nd3 Qb1 49. Qc6 Qh1+ 0-1

[Event "FIDE Open World Blitz 2021"]
[Site "Warsaw"]
[Date "2021.12.29"]
[Round "12.52"]
[White "Ghaem Maghami, Ehsan"]
[Black "Saraci, Nderim"]
[Result "1/2-1/2"]
[WhiteElo "2520"]
[BlackElo "2486"]
[Annotator "ChessBase"]
[PlyCount "36"]
[EventDate "2021.12.29"]
[EventType "swiss"]
[EventCountry "POL"]
[Tiebreak "Cut1 Buchholz"]
[SourceTitle "playchess.com"]
[Source "ChessBase"]
[SourceQuality "1"]

1. d4 Nf6 2. c4 e6 3. Nf3 d5 4. g3 Be7 5. Bg2 O-O 6. O-O dxc4 7. Qc2 a6 8. a4
Bd7 9. Bg5 Bc6 10. Qxc4 b5 11. Qc2 Be4 12. Qc1 Nbd7 13. Rd1 Rc8 14. axb5 axb5
15. Nc3 Bc6 16. Ne5 Bxg2 17. Kxg2 c6 18. Ra7 Nb6 1/2-1/2

[Event "FIDE Open World Blitz 2021"]
[Site "Warsaw"]
[Date "2021.12.30"]
[Round "13.1"]
[White "Carlsen, Magnus"]
[Black "Maghsoodloo, Parham"]
[Result "1-0"]
[WhiteElo "2855"]
[BlackElo "2706"]
[Annotator "TA"]
[PlyCount "57"]
[EventDate "2021.12.29"]
[EventType "swiss"]
[EventCountry "POL"]
[Tiebreak "Cut1 Buchholz"]
[SourceTitle "playchess.com"]
[Source "ChessBase"]
[SourceQuality "1"]

1. e4 e6 2. d4 d5 3. e5 c5 4. c3 Qb6 5. Nf3 Bd7 6. Bd3 Bb5 7. dxc5 Bxc5 8. b4
Bf8 9. Be3 Qa6 10. Bxb5+ Qxb5 11. a4 Qc6 12. O-O Ne7 13. Nd4 Qd7 14. b5 Qc7 15.
Nd2 Nd7 16. c4 dxc4 17. Rc1 c3 18. b6 Qxe5 19. Nc4 Qd5 20. Nb5 Qxd1 21. Nc7+
Kd8 22. Rfxd1 Rc8 23. Ne5 Nd5 24. Nxd5 exd5 25. Rxd5 Ba3 26. Rxd7+ Ke8 27. Rc7
Rxc7 28. bxc7 Ke7 29. Rxc3 1-0

[Event "FIDE Open World Blitz 2021"]
[Site "Warsaw"]
[Date "2021.12.30"]
[Round "13.1"]
[White "Tari, Aryan"]
[Black "Kozak, Adam"]
[Result "1/2-1/2"]
[WhiteElo "2649"]
[BlackElo "2532"]
[Annotator "ChessBase"]
[PlyCount "242"]
[EventDate "2021.12.29"]
[EventType "swiss"]
[EventCountry "POL"]
[Tiebreak "Cut1 Buchholz"]
[SourceTitle "playchess.com"]
[Source "ChessBase"]
[SourceQuality "1"]

1. e4 c5 2. Nf3 Nc6 3. Bc4 e6 4. O-O a6 5. Re1 b5 6. Bf1 Qc7 7. c3 c4 8. b3 Na5
9. bxc4 bxc4 10. Ba3 Be7 11. Bb4 Bb7 12. Na3 Nf6 13. Bxa5 Qxa5 14. Nxc4 Qc7 15.
e5 Nd5 16. Rb1 Bc6 17. Nd4 O-O 18. Qg4 Bb5 19. Nxb5 axb5 20. Rxb5 Rxa2 21. Bd3
f5 22. exf6 Nxf6 23. Qg3 Qxg3 24. hxg3 d5 25. Nb2 Ba3 26. Rb1 Ng4 27. f3 Ne5
28. Be2 h6 29. g4 Ng6 30. g3 Ne5 31. Kg2 Rd8 32. f4 Nd7 33. Bd3 Nf6 34. Kf3 Nd7
35. Ke2 Nf6 36. Kf3 Nd7 37. Bc2 Nf6 38. Bd1 Nd7 39. Ke3 Nf6 40. Bf3 Nd7 41. Kd3
Nc5+ 42. Kc2 Ra8 43. Kd1 Rc8 44. c4 Bxb2 45. R1xb2 Rxb2 46. Rxb2 dxc4 47. Kc2
Kf7 48. Rb4 Nd3 49. Rb7+ Kf6 50. Kc3 Nc5 51. Ra7 Nd3 52. Be2 Nf2 53. Kd4 Rd8+
54. Ke3 Nd3 55. Rc7 Nb2 56. Bxc4 Rd6 57. d3 Nxc4+ 58. dxc4 Rd1 59. c5 Rc1 60.
c6 Rc3+ 61. Kf2 g5 62. Rc8 Ke7 63. c7 Kd7 64. Rh8 Kxc7 65. Rxh6 gxf4 66. gxf4
Kd7 67. Rh7+ Ke8 68. g5 Kf8 69. Ke2 Rg3 70. Rc7 Ra3 71. Rd7 Rh3 72. Rd3 Rh1 73.
Kf3 Kf7 74. Rd7+ Kg6 75. Re7 Re1 76. Kf2 Re4 77. Kf3 Re1 78. Re8 Kf7 79. Rh8
Kg7 80. Rh6 Kf7 81. Kf2 Re4 82. Rf6+ Kg7 83. Kg3 Re1 84. Rh6 Kf7 85. Kf3 Kg7
86. Rf6 Kg8 87. Rh6 Kg7 88. Rh2 Rf1+ 89. Ke4 Re1+ 90. Kd4 Rd1+ 91. Ke5 Re1+ 92.
Kd6 Re4 93. Rf2 Kg6 94. Ke7 Kg7 95. Rf1 Kg6 96. Kf8 Rd4 97. Rf2 Re4 98. Ke7 Kg7
99. Kd6 Kg6 100. Rf1 Kg7 101. Kd7 Kg6 102. Ke8 Kg7 103. Ke7 Kg6 104. Rf3 Kg7
105. Kd7 Kg6 106. Kc6 Kg7 107. Kd6 Kg6 108. Rf2 Kg7 109. Ke7 Kg6 110. Kf8 Rd4
111. Rf1 Re4 112. Kg8 Rd4 113. Kf8 Re4 114. Rf2 Rd4 115. Ke8 Re4 116. Ke7 Kg7
117. Rd2 Rxf4 118. Kxe6 Kg6 119. Rd5 Rg4 120. Re5 Rxg5 121. Rxg5+ Kxg5 1/2-1/2

[Event "FIDE Open World Blitz 2021"]
[Site "Warsaw"]
[Date "2021.12.30"]
[Round "13.2"]
[White "Pichot, Alan"]
[Black "Nguyen, Thai Dai Van"]
[Result "1-0"]
[WhiteElo "2630"]
[BlackElo "2594"]
[Annotator "ChessBase"]
[PlyCount "61"]
[EventDate "2021.12.29"]
[EventType "swiss"]
[EventCountry "POL"]
[Tiebreak "Cut1 Buchholz"]
[SourceTitle "playchess.com"]
[Source "ChessBase"]
[SourceQuality "1"]

1. e4 e5 2. Nf3 Nc6 3. Bb5 a6 4. Ba4 Nf6 5. d3 b5 6. Bb3 Bc5 7. c3 d6 8. Bg5 h6
9. Bh4 O-O 10. O-O Bb6 11. a4 Rb8 12. axb5 axb5 13. Na3 b4 14. Nc4 bxc3 15.
bxc3 Be6 16. Ba2 g5 17. Nxg5 hxg5 18. Bxg5 Bxc4 19. Bxc4 Kg7 20. Kh1 Qd7 21. f4
Ng4 22. f5 Nf6 23. Rf3 Rh8 24. Rg3 Nh5 25. f6+ Kf8 26. Rh3 Qxh3 27. gxh3 Nf4
28. Bxf4 exf4 29. Qg4 Rg8 30. Qd7 f3 31. Qxf7# 1-0

[Event "FIDE Open World Blitz 2021"]
[Site "Warsaw"]
[Date "2021.12.30"]
[Round "13.2"]
[White "Amin, Bassem"]
[Black "Aronian, Levon"]
[Result "0-1"]
[WhiteElo "2617"]
[BlackElo "2782"]
[Annotator "TA"]
[PlyCount "94"]
[EventDate "2021.12.29"]
[EventType "swiss"]
[EventCountry "POL"]
[Tiebreak "Cut1 Buchholz"]
[SourceTitle "playchess.com"]
[Source "ChessBase"]
[SourceQuality "1"]

1. e4 e5 2. Nf3 Nc6 3. Bc4 Nf6 4. d3 Bc5 5. O-O O-O 6. h3 d5 7. exd5 Nxd5 8.
Re1 Be6 9. c3 Bb6 10. Bb3 Qf6 11. Nbd2 h6 12. Nc4 Rfe8 13. Ncxe5 Nxc3 14. bxc3
Bxb3 15. axb3 Nxe5 16. Be3 Bxe3 17. Rxe3 Nxf3+ 18. Rxf3 Qxc3 19. Rc1 Qb4 20.
Rg3 c6 21. Kh2 Re6 22. Rc4 Qd6 23. Rcg4 Rg6 24. Rxg6 fxg6 25. Qg4 Rf8 26. Qxg6
Qxg6 27. Rxg6 Rxf2 28. Rg4 Rf5 29. b4 Kf7 30. Re4 Rd5 31. Rf4+ Ke6 32. Re4+ Kd7
33. Rg4 g5 34. h4 a5 35. bxa5 Rxa5 36. hxg5 Rxg5 37. Rh4 h5 38. Rb4 b5 39. Kh3
Kc7 40. g3 Kb6 41. Rb1 c5 42. Rf1 b4 43. Rf8 Kb5 44. Ra8 Rd5 45. Rb8+ Ka4 46.
Kh4 Rxd3 47. Rh8 Rd5 0-1

[Event "FIDE Open World Blitz 2021"]
[Site "Warsaw"]
[Date "2021.12.30"]
[Round "13.3"]
[White "Dragnev, Valentin"]
[Black "Bluebaum, Matthias"]
[Result "0-1"]
[WhiteElo "2396"]
[BlackElo "2609"]
[Annotator "ChessBase"]
[PlyCount "114"]
[EventDate "2021.12.29"]
[EventType "swiss"]
[EventCountry "POL"]
[Tiebreak "Cut1 Buchholz"]
[SourceTitle "playchess.com"]
[Source "ChessBase"]
[SourceQuality "1"]

1. e4 c6 2. Nc3 d5 3. Nf3 dxe4 4. Nxe4 Nf6 5. Qe2 Nxe4 6. Qxe4 Nd7 7. d4 Nf6 8.
Qd3 g6 9. Be2 Bg7 10. O-O O-O 11. Re1 Qc7 12. h3 Rd8 13. Qb3 Be6 14. Bc4 Bxc4
15. Qxc4 e6 16. Bg5 b5 17. Qe2 c5 18. Qe5 Qe7 19. Qxc5 Qxc5 20. dxc5 h6 21. Bf4
Nd5 22. Be5 Rac8 23. c3 Rxc5 24. Rad1 Rdc8 25. a3 a5 26. Rd2 Nb6 27. Bxg7 Kxg7
28. Red1 Nc4 29. Re2 Kf8 30. Ne1 R5c7 31. Kf1 Ke7 32. Nd3 Rd8 33. Ree1 Rcd7 34.
Ke2 a4 35. f3 e5 36. Nb4 Rxd1 37. Rxd1 Rxd1 38. Kxd1 Nxb2+ 39. Ke2 Nc4 40. Nc2
Kd6 41. Kd3 f5 42. g3 Kc5 43. h4 Nd6 44. Ne3 e4+ 45. fxe4 Nxe4 46. Nf1 h5 47.
Kc2 Nd6 48. Kb1 Kd5 49. Ne3+ Ke4 50. Ng2 Nf7 51. Nf4 Ne5 52. Ne6 Kf3 53. Nd4+
Kxg3 54. Nxb5 f4 55. Kc2 f3 56. Kd2 f2 57. Ke2 Kg2 0-1